| 000 | 00583nam a2200193 i 4500 | ||
|---|---|---|---|
| 001 | 186863 | ||
| 003 | ES-MaACL | ||
| 005 | 20230906144704.0 | ||
| 008 | 170223s2016 sp |||| | spa d | ||
| 080 | _a340.132(460) | ||
| 100 | 1 |
_aLluís y Navas, Jaime. _972976 |
|
| 245 | 1 | 4 |
_aLos conceptos jurídicos indeterminados / _cJaimes Lluís y Navas. |
| 260 |
_aBarcelona : _b[J. Lluís y Navas], _c2016. |
||
| 300 |
_a27 p. ; _c21 cm. |
||
| 650 | 1 | 4 |
_aAplicación de las leyes- _zEspaña. _9135587 |
| 852 |
_aES-MaACL _j2335-F-12 |
||
| 942 | _2udc | ||
| 999 |
_c186863 _d186863 |
||